000 00989cam a2200253 4500
001 ABS61577
008 000000n1999 000 0 eng u
035 _a(Sirsi) u102699
100 _aTurner, J.
245 _aGetting and keeping 'bums on seats'
260 _c1999
490 _aBuilding Intelligence
_vNovember 1999, 4-5(2)
520 _aReports on the growth of the entertainment sector as a sub-sector of non-residential building, a rise which has been put down in part to National Lottery funding and projects for the new Millennium. Considers other factors which may be at work, and suggests that the maintenance of customer demand may also be good news for the construction industry.
590 _aABS
650 _aLEISURE MARKET
650 _aENTERTAINMENT SECTOR
650 _aCONSTRUCTION OUTPUT
650 _aFORECASTS
650 _aLOTTERY FUNDING
650 _aMILLENNIUM
650 _aSPORTS FACILITIES
690 _aLEISURE AND RECREATION
942 _n0
999 _c61687
_d61687